| 000 | 01940cam a2200493 4500 | ||
|---|---|---|---|
| 001 | 21949 | ||
| 003 | VRT | ||
| 005 | 20260316113503.0 | ||
| 008 | 200507s2019 xr af br 000 j slo | ||
| 015 | _aSNBZSA2019/12 | ||
| 020 |
_a9788025510025 _q(brožované) |
||
| 035 | _aurn:nbn:sk:snk-am00dxd1 | ||
| 035 | _aurn:nbn:sk:snk-am3i8gh | ||
| 035 | _a140730BF-D167-4A01-917E-E2C8D61A6958 | ||
| 039 | 9 |
_a202005070809 _bVLOAD _c201912191027 _dAUTHORITY _c201912181135 _dAUTHORITY _c201912181041 _dmsnk159 |
|
| 040 |
_aSNK _bslo _cSNK _erda |
||
| 041 | 1 |
_aslo _kcze _hita |
|
| 044 |
_axr _cCZ |
||
| 072 | 7 |
_a821-93 _xLiteratúra pre deti a mládež (beletria) _2konspekt |
|
| 080 |
_a(0:82-34) _22011 |
||
| 080 |
_a82-93-053.4/.5 _22011 |
||
| 240 | 1 | 0 |
_aFavole incantate _lSlovensky |
| 245 | 1 | 0 |
_aŽltá kniha rozprávok _cpreklad slovenského vydania: Veronika Dominiak |
| 250 | _a2. vydanie | ||
| 264 | 1 |
_aPraha _bRebo International CZ spol. s. r. o. _c2019 |
|
| 300 |
_a96 nečíslovaných strán _bilustrácie, ilustrované listy _c22 cm |
||
| 336 |
_atext _btxt _2rdacontent |
||
| 336 |
_astatický obraz _bsti _2rdacontent |
||
| 337 |
_abez média _bn _2rdamedia |
||
| 338 |
_azväzok _bnc _2rdacarrier |
||
| 490 | 1 | _aMoje prvé čítanie | |
| 500 | _aPreložené z českého prekladu talianskeho originálu, z talianskeho originálu Favole Incantate do češtiny preložila Mgr. Květa Valešková, preklad slovenského vydania Veronika Dominiak | ||
| 500 | _aNázov z obálky | ||
| 655 | 7 |
_arozprávky _2SNKPH |
|
| 655 | 7 |
_aliteratúra pre deti _2SNKPH |
|
| 655 | 7 |
_aFairy tales _2SNKPH |
|
| 655 | 7 |
_aChildren's literature _2SNKPHeng |
|
| 700 | 1 |
_aCernuschi, Claudio, _d1969- _4ill |
|
| 700 | 1 |
_aDominiak, Veronika _4trl |
|
| 700 | 1 |
_aValešková, Květa _4trl |
|
| 830 | 0 | _aMoje prvé čítanie | |
| 942 |
_2ddc _cKLDE _n0 |
||
| 949 |
_617A1372831 _asnkSC 184842 _bsnk2019/16186 _oPemic1-ah/8Int. č. fa – 2/2019 _s6100:20200113 |
||
| 999 |
_c21949 _d21949 |
||